LEADER 01249nam 2200373 450 001 9910219967703321 005 20230807211415.0 010 $a0-8330-9391-6 035 $a(CKB)3710000000597545 035 $a(WaSeSS)IndRDA00120616 035 $a(EXLCZ)993710000000597545 100 $a20200604d2015 uy 0 101 0 $aeng 135 $aur||||||||||| 181 $ctxt$2rdacontent 182 $cc$2rdamedia 183 $acr$2rdacarrier 200 10$aCan the Cadillac tax be made less regressive by replacing it with an exclusion cap? $emethods and results /$fChapin White, Sarah A. Novak, Christine Eibner 210 1$aSanta Monica, California :$cRAND Corporation,$d2015. 215 $a1 online resource (15 pages) 606 $aHealth insurance$xTaxation$zUnited States 606 $aExcise tax$zUnited States 615 0$aHealth insurance$xTaxation 615 0$aExcise tax 676 $a368.38200973 700 $aWhite$b Chapin$01266352 702 $aNovak$b Sarah A. 702 $aEibner$b Christine 801 0$bWaSeSS 801 1$bWaSeSS 906 $aBOOK 912 $a9910219967703321 996 $aCan the Cadillac tax be made less regressive by replacing it with an exclusion cap$92972321 997 $aUNINA LEADER 01734nam 2200505 a 450 001 9910701853603321 005 20120622091128.0 035 $a(CKB)5470000002421572 035 $a(OCoLC)796081161 035 $a(EXLCZ)995470000002421572 100 $a20120622d2011 ua 0 101 0 $aeng 135 $aurmn||||||||| 181 $ctxt$2rdacontent 182 $cc$2rdamedia 183 $acr$2rdacarrier 200 00$aRequirements for an advanced ocean radiometer$b[electronic resource] /$fGerhard Meister ... [and others] 210 1$aGreenbelt, Md. :$cNational Aeronautics and Space Administration, Goddard Space Flight Center,$d[2011] 215 $a1 online resource (iv, 37 pages) $cillustrations (some color), color maps 225 1 $aNASA/TM ;$v2011-215883 300 $aTitle from title screen (viewed on June 21, 2012). 300 $a"October 2011." 320 $aIncludes bibliographical references (pages 35-37). 606 $aOceans$2nasat 606 $aMODIS (radiometry)$2nasat 606 $aSea-viewing Wide Field-of-view Sensor$2nasat 606 $aCalibrating$2nasat 606 $aPerformance tests$2nasat 606 $aImaging spectrometers$2nasat 606 $aRadiometers$2nasat 615 7$aOceans. 615 7$aMODIS (radiometry) 615 7$aSea-viewing Wide Field-of-view Sensor. 615 7$aCalibrating. 615 7$aPerformance tests. 615 7$aImaging spectrometers. 615 7$aRadiometers. 701 $aMeister$b Gerhard$01410711 712 02$aGoddard Space Flight Center. 801 0$bGPO 801 1$bGPO 906 $aBOOK 912 $a9910701853603321 996 $aRequirements for an advanced ocean radiometer$93499986 997 $aUNINA